[Event "New Zealand Championship 2023"]
[Site "Wellington"]
[Date "2023.01.02"]
[Round "1.1"]
[White "Tang, Hao"]
[Black "Moradiabadi, Elshan"]
[Result "0-1"]
[WhiteElo "2133"]
[BlackElo "2514"]

1. d4 {[%clk 01:30:58]} 1... Nf6 {[%clk 01:30:56] [%emt 00:00:05]} 2. Nf3
{[%clk 01:31:22] [%emt 00:00:06]} 2... e6 {[%clk 01:30:33] [%emt 00:00:54]} 3.
c4 {[%clk 01:31:38] [%emt 00:00:13]} 3... Bb4+ {[%clk 01:30:12] [%emt
00:00:51]} 4. Bd2 {[%clk 01:31:57] [%emt 00:00:11]} 4... a5 {[%clk 01:30:37]
[%emt 00:00:05]} 5. a3 {[%clk 01:28:33] [%emt 00:03:54]} 5... Bxd2+ {[%clk
01:29:08] [%emt 00:02:00]} 6. Nbxd2 {[%clk 01:28:15] [%emt 00:00:48]} 6... d6
{[%clk 01:29:30] [%emt 00:00:08]} 7. e3 {[%clk 01:28:15] [%emt 00:00:30]} 7...
Qe7 {[%clk 01:29:56] [%emt 00:00:04]} 8. Be2 {[%clk 01:27:36] [%emt 00:01:08]}
8... e5 {[%clk 01:30:17] [%emt 00:00:10]} 9. Nb1 {[%clk 01:26:40] [%emt
00:01:26]} 9... O-O {[%clk 01:28:04] [%emt 00:02:43]} 10. O-O {[%clk 01:26:50]
[%emt 00:00:20]} 10... Bg4 {[%clk 01:08:25] [%emt 00:20:09]} 11. Nc3 {[%clk
01:25:42] [%emt 00:01:38]} 11... Nbd7 {[%clk 01:08:23] [%emt 00:00:33]} 12. h3
{[%clk 01:25:32] [%emt 00:00:39]} 12... Bh5 {[%clk 01:08:05] [%emt 00:00:48]}
13. b4 {[%clk 01:19:11] [%emt 00:06:51]} 13... c6 {[%clk 01:07:06] [%emt
00:01:29]} 14. Re1 {[%clk 01:14:32] [%emt 00:05:09]} 14... Rfd8 {[%clk
01:05:58] [%emt 00:01:38]} 15. Qb3 {[%clk 01:14:00] [%emt 00:01:01]} 15... e4
{[%clk 01:04:08] [%emt 00:02:20]} 16. Nd2 {[%clk 01:13:45] [%emt 00:00:46]}
16... Bxe2 {[%clk 01:04:31] [%emt 00:00:07]} 17. Nxe2 {[%clk 01:13:38] [%emt
00:00:36]} 17... Nf8 {[%clk 01:04:22] [%emt 00:00:39]} 18. Nc3 {[%clk 01:08:53]
[%emt 00:05:15]} 18... Ng6 {[%clk 01:01:36] [%emt 00:03:15]} 19. Rab1 {[%clk
01:07:34] [%emt 00:01:49]} 19... axb4 {[%clk 01:01:57] [%emt 00:00:10]} 20.
axb4 {[%clk 01:07:51] [%emt 00:00:14]} 20... Qe6 {[%clk 00:53:38] [%emt
00:08:47]} 21. b5 {[%clk 01:07:18] [%emt 00:01:03]} 21... Nh4 {[%clk 00:47:02]
[%emt 00:07:06]} 22. bxc6 {[%clk 01:01:22] [%emt 00:06:26]} 22... bxc6 {[%clk
00:47:31]} 23. Qb6 {[%clk 00:57:14] [%emt 00:04:39]} 23... Rdc8 {[%clk
00:46:11] [%emt 00:01:49]} 24. Qb4 {[%clk 00:39:16] [%emt 00:18:28]} 24... d5
{[%clk 00:43:14] [%emt 00:03:28]} 25. Rec1 {[%clk 00:37:46] [%emt 00:01:59]}
25... Nh5 {[%clk 00:34:08] [%emt 00:09:37]} 26. Kh1 {[%clk 00:34:00] [%emt
00:04:16]} 26... Qf5 {[%clk 00:28:30] [%emt 00:06:08]} 27. Rf1 {[%clk 00:33:05]
[%emt 00:01:24]} 27... Qg5 {[%clk 00:25:42] [%emt 00:03:19]} 28. Rg1 {[%clk
00:33:22] [%emt 00:00:12]} 28... Nf6 {[%clk 00:25:27] [%emt 00:00:45]} 29. Qd6
{[%clk 00:29:57] [%emt 00:03:55]} 29... Nf5 {[%clk 00:25:41] [%emt 00:00:17]}
30. Qh2 {[%clk 00:27:24] [%emt 00:03:02]} 30... Nxe3 {[%clk 00:24:02] [%emt
00:02:10]} 31. cxd5 {[%clk 00:17:40] [%emt 00:10:14]} 31... cxd5 {[%clk
00:21:59] [%emt 00:02:33]} 32. Ncxe4 {[%clk 00:11:36] [%emt 00:06:33]} 32...
dxe4 {[%clk 00:21:49] [%emt 00:00:40]} 33. fxe3 {[%clk 00:11:57] [%emt
00:00:09]} 33... Qxe3 {[%clk 00:22:16] [%emt 00:00:03]} 34. Nb3 {[%clk
00:11:47] [%emt 00:00:40]} 34... Rab8 {[%clk 00:14:40] [%emt 00:08:07]} 35. Nc5
{[%clk 00:01:52] [%emt 00:10:25]} 35... Rxb1 {[%clk 00:15:03] [%emt 00:00:08]}
36. Rxb1 {[%clk 00:02:16] [%emt 00:00:06]} 36... Qxd4 {[%clk 00:15:19] [%emt
00:00:13]} 37. Nb7 {[%clk 00:01:54] [%emt 00:00:52]} 37... e3 {[%clk 00:13:32]
[%emt 00:02:17]} 38. Nd6 {[%clk 00:01:56] [%emt 00:00:29]} 38... Rd8 {[%clk
00:13:53] [%emt 00:00:06]} 39. Nf5 {[%clk 00:01:37] [%emt 00:00:51]} 39... Qd1+
{[%clk 00:12:28] [%emt 00:01:55]} 40. Qg1 {[%clk 00:30:59] [%emt 00:01:08]}
40... e2 {[%clk 00:42:57] [%emt 00:00:02]} 41. Ne3 {[%clk 00:29:30] [%emt
00:01:59]} 41... Ne4 {[%clk 00:39:56] [%emt 00:03:31]} 42. Kh2 {[%clk 00:22:17]
[%emt 00:07:43]} 42... Qd6+ {[%clk 00:40:20] [%emt 00:00:07]} 43. g3 {[%clk
00:22:34] [%emt 00:00:12]} 43... Qd2 {[%clk 00:40:41] [%emt 00:00:09]} 44. Re1
{[%clk 00:22:26] [%emt 00:00:38]} 44... Ng5 {[%clk 00:39:14] [%emt 00:01:58]}
45. Kg2 {[%clk 00:21:56] [%emt 00:01:00]} 45... Qd3 {[%clk 00:38:49] [%emt
00:03:13]} 0-1

[Event "New Zealand Championship 2023"]
[Site "Wellington"]
[Date "2023.01.02"]
[Round "1.2"]
[White "Hague, Ben"]
[Black "Zhang, Jasmine Haomo"]
[Result "1/2-1/2"]
[WhiteElo "2494"]
[BlackElo "2117"]

1. d4 {[%clk 01:30:54] [%emt 00:00:05]} 1... d5 {[%clk 01:30:50] [%emt
00:00:10]} 2. Nf3 {[%clk 01:31:05] [%emt 00:00:19]} 2... Nf6 {[%clk 01:31:03]
[%emt 00:00:17]} 3. e3 {[%clk 01:30:37] [%emt 00:00:59]} 3... e6 {[%clk
01:28:16] [%emt 00:03:17]} 4. Bd3 {[%clk 01:30:36] [%emt 00:00:30]} 4... Nbd7
{[%clk 01:26:00] [%emt 00:02:46]} 5. b3 {[%clk 01:26:54] [%emt 00:04:13]} 5...
b6 {[%clk 01:23:10] [%emt 00:03:20]} 6. O-O {[%clk 01:26:10] [%emt 00:01:13]}
6... Bb7 {[%clk 01:22:38] [%emt 00:01:02]} 7. Bb2 {[%clk 01:25:51] [%emt
00:00:49]} 7... Be7 {[%clk 01:22:41] [%emt 00:00:27]} 8. c4 {[%clk 01:23:13]
[%emt 00:03:08]} 8... O-O {[%clk 01:19:20] [%emt 00:03:51]} 9. Nc3 {[%clk
01:22:32] [%emt 00:01:11]} 9... c5 {[%clk 01:16:34] [%emt 00:03:16]} 10. cxd5
{[%clk 01:19:55] [%emt 00:03:07]} 10... cxd4 {[%clk 01:08:57] [%emt 00:08:07]}
11. Nxd4 {[%clk 01:17:38] [%emt 00:02:47]} 11... Nxd5 {[%clk 01:08:22] [%emt
00:01:06]} 12. Nxd5 {[%clk 01:15:33] [%emt 00:02:35]} 12... Bxd5 {[%clk
01:07:41] [%emt 00:01:11]} 13. Qh5 {[%clk 01:12:53] [%emt 00:03:09]} 13... g6
{[%clk 01:03:57] [%emt 00:04:14]} 14. Qh3 {[%clk 01:07:36] [%emt 00:05:46]}
14... Bf6 {[%clk 01:02:00] [%emt 00:02:27]} 15. Rfd1 {[%clk 01:04:32] [%emt
00:03:35]} 15... Qe7 {[%clk 00:58:14] [%emt 00:04:15]} 16. Bb5 {[%clk 00:58:01]
[%emt 00:07:01]} 16... Rac8 {[%clk 00:41:59] [%emt 00:16:45]} 17. Rac1 {[%clk
00:35:07] [%emt 00:23:23]} 17... Nb8 {[%clk 00:36:26] [%emt 00:06:04]} 18. f3
{[%clk 00:29:47] [%emt 00:05:50]} 18... a6 {[%clk 00:33:38] [%emt 00:03:18]}
19. Bd3 {[%clk 00:29:01] [%emt 00:01:16]} 19... b5 {[%clk 00:31:31] [%emt
00:02:38]} 20. Qg3 {[%clk 00:23:48] [%emt 00:05:43]} 20... Nc6 {[%clk 00:24:55]
[%emt 00:07:06]} 21. Nxc6 {[%clk 00:21:43] [%emt 00:02:35]} 21... Bxc6 {[%clk
00:24:47] [%emt 00:00:39]} 22. Be5 {[%clk 00:19:59] [%emt 00:02:14]} 22... Bxe5
{[%clk 00:22:41] [%emt 00:02:36]} 23. Qxe5 {[%clk 00:20:22] [%emt 00:00:07]}
23... f6 {[%clk 00:20:56] [%emt 00:02:14]} 24. Qd4 {[%clk 00:15:50] [%emt
00:05:03]} 24... Rfd8 {[%clk 00:15:49] [%emt 00:05:36]} 25. Qb6 {[%clk
00:16:00] [%emt 00:00:20]} 25... Qb7 {[%clk 00:14:51] [%emt 00:01:29]} 26. Qxb7
{[%clk 00:16:07] [%emt 00:00:23]} 26... Bxb7 {[%clk 00:15:17] [%emt 00:00:04]}
27. Bf1 {[%clk 00:16:24] [%emt 00:00:13]} 27... Rxd1 {[%clk 00:14:04] [%emt
00:01:43]} 28. Rxd1 {[%clk 00:16:38] [%emt 00:00:16]} 28... Bc6 {[%clk
00:14:14] [%emt 00:00:20]} 29. e4 {[%clk 00:09:45] [%emt 00:07:23]} 29... Kf7
{[%clk 00:13:36] [%emt 00:01:07]} 30. b4 {[%clk 00:09:58] [%emt 00:00:18]}
30... Ke7 {[%clk 00:13:44] [%emt 00:00:22]} 31. a4 {[%clk 00:09:48] [%emt
00:00:40]} 31... bxa4 {[%clk 00:11:27] [%emt 00:02:47]} 32. Bxa6 {[%clk
00:10:06] [%emt 00:00:12]} 32... Rb8 {[%clk 00:11:46] [%emt 00:00:11]} 33. b5
{[%clk 00:08:32] [%emt 00:02:04]} 33... Bxb5 {[%clk 00:09:42] [%emt 00:02:35]}
34. Rb1 {[%clk 00:08:47] [%emt 00:00:14]} 34... a3 {[%clk 00:09:54] [%emt
00:00:19]} 35. Bxb5 {[%clk 00:09:03] [%emt 00:00:14]} 35... a2 {[%clk 00:10:15]
[%emt 00:00:09]} 36. Ra1 {[%clk 00:09:29] [%emt 00:00:04]} 36... Rxb5 {[%clk
00:10:39] [%emt 00:00:06]} 37. Rxa2 {[%clk 00:09:55] [%emt 00:00:03]} 37... Rb7
{[%clk 00:10:12] [%emt 00:00:57]} 38. Ra8 {[%clk 00:09:59] [%emt 00:00:25]}
38... e5 {[%clk 00:05:59] [%emt 00:04:44]} 39. Kf2 {[%clk 00:08:45] [%emt
00:01:44]} 39... Ke6 {[%clk 00:05:27] [%emt 00:01:01]} 40. Kg3 {[%clk 00:38:48]
[%emt 00:00:27]} 40... Rd7 {[%clk 00:34:00] [%emt 00:01:57]} 41. h4 {[%clk
00:38:50] [%emt 00:00:29]} 41... f5 {[%clk 00:31:57] [%emt 00:02:33]} 42. Ra6+
{[%clk 00:36:04] [%emt 00:03:15]} 42... Rd6 {[%clk 00:30:28] [%emt 00:01:59]}
43. Ra7 {[%clk 00:35:46] [%emt 00:00:48]} 43... Rd7 {[%clk 00:30:45] [%emt
00:00:13]} 44. exf5+ {[%clk 00:32:23] [%emt 00:03:55]} 44... gxf5 {[%clk
00:31:07] [%emt 00:00:07]} 45. Ra6+ {[%clk 00:32:36] [%emt 00:00:17]} 45... Rd6
{[%clk 00:29:36] [%emt 00:02:01]} 46. Ra8 {[%clk 00:33:01] [%emt 00:00:05]}
46... Rd7 {[%clk 00:29:21] [%emt 00:00:44]} 47. h5 {[%clk 00:32:18] [%emt
00:01:14]} 47... Rg7+ {[%clk 00:24:04] [%emt 00:05:47]} 48. Kh3 {[%clk
00:32:24] [%emt 00:00:24]} 48... f4 {[%clk 00:22:22] [%emt 00:02:12]} 49. Rh8
{[%clk 00:30:06] [%emt 00:02:47]} 49... Kf6 {[%clk 00:20:33] [%emt 00:02:19]}
50. h6 {[%clk 00:29:29] [%emt 00:01:08]} 50... Rg3+ {[%clk 00:18:35] [%emt
00:02:28]} 51. Kh2 {[%clk 00:29:51] [%emt 00:00:08]} 51... Rg6 {[%clk 00:12:50]
[%emt 00:06:16]} 52. Rxh7 {[%clk 00:29:54] [%emt 00:00:27]} 52... Kg5 {[%clk
00:13:15] [%emt 00:00:04]} 53. g4 {[%clk 00:26:53] [%emt 00:03:31]} 53... Rxh6+
{[%clk 00:11:06] [%emt 00:02:40]} 54. Rxh6 {[%clk 00:27:17] [%emt 00:00:05]}
54... Kxh6 {[%clk 00:11:32] [%emt 00:00:03]} 55. Kg2 {[%clk 00:27:39] [%emt
00:00:07]} 55... Kg6 {[%clk 00:11:58] [%emt 00:00:05]} 56. Kf2 {[%clk 00:28:01]
[%emt 00:00:08]} 56... Kg5 {[%clk 00:12:19] [%emt 00:00:09]} 57. Ke2 {[%clk
00:28:21] [%emt 00:00:10]} 57... e4 {[%clk 00:12:10] [%emt 00:00:39]} 58. fxe4
{[%clk 00:28:43] [%emt 00:00:09]} 58... Kxg4 {[%clk 00:12:29] [%emt 00:00:09]}
59. Kf2 {[%clk 00:29:08] [%emt 00:00:05]} 59... f3 {[%clk 00:12:34] [%emt
00:00:25]} 60. e5 {[%clk 00:29:31] [%emt 00:00:06]} 60... Kf5 {[%clk 00:13:00]
[%emt 00:00:04]} 61. Kxf3 {[%clk 00:29:57] [%emt 00:00:04]} 61... Kxe5 {[%clk
00:12:56] [%emt 00:00:04]} 1/2-1/2

[Event "New Zealand Championship 2023"]
[Site "Wellington"]
[Date "2023.01.02"]
[Round "1.3"]
[White "Ning, Isabelle Yixuan"]
[Black "Shoker, Samy"]
[Result "0-1"]
[WhiteElo "2109"]
[BlackElo "2491"]

1. d4 {[%clk 01:30:57] [%emt 00:00:02]} 1... Nf6 {[%clk 01:30:38] [%emt
00:00:22]} 2. c4 {[%clk 01:31:09] [%emt 00:00:20]} 2... d6 {[%clk 01:29:17]
[%emt 00:01:50]} 3. Nc3 {[%clk 01:30:23] [%emt 00:01:16]} 3... Nbd7 {[%clk
01:29:37] [%emt 00:00:10]} 4. e4 {[%clk 01:29:23] [%emt 00:01:30]} 4... e5
{[%clk 01:29:22] [%emt 00:00:47]} 5. d5 {[%clk 01:28:00] [%emt 00:01:52]} 5...
g6 {[%clk 01:29:35] [%emt 00:00:16]} 6. h3 {[%clk 01:23:45] [%emt 00:04:46]}
6... Bg7 {[%clk 01:28:10] [%emt 00:01:54]} 7. Be3 {[%clk 01:23:11] [%emt
00:01:05]} 7... a5 {[%clk 01:27:21] [%emt 00:01:20]} 8. Nge2 {[%clk 01:16:31]
[%emt 00:07:10]} 8... h5 {[%clk 01:22:06] [%emt 00:05:44]} 9. Qc2 {[%clk
01:09:47] [%emt 00:07:15]} 9... h4 {[%clk 01:19:37] [%emt 00:02:58]} 10. Nc1
{[%clk 01:02:51] [%emt 00:07:26]} 10... Nh5 {[%clk 01:16:09] [%emt 00:03:58]}
11. Qd2 {[%clk 00:59:55] [%emt 00:03:26]} 11... f5 {[%clk 01:05:31] [%emt
00:11:08]} 12. Bg5 {[%clk 00:54:20] [%emt 00:06:05]} 12... Bf6 {[%clk 01:05:44]
[%emt 00:00:17]} 13. Bxf6 {[%clk 00:54:23] [%emt 00:00:27]} 13... Qxf6 {[%clk
01:02:45] [%emt 00:03:29]} 14. exf5 {[%clk 00:46:38] [%emt 00:08:14]} 14...
gxf5 {[%clk 01:02:56] [%emt 00:00:19]} 15. Nd3 {[%clk 00:46:32] [%emt
00:00:36]} 15... c6 {[%clk 00:46:51] [%emt 00:16:36]} 16. O-O-O {[%clk
00:42:47] [%emt 00:04:15]} 16... Qh6 {[%clk 00:45:52] [%emt 00:01:28]} 17. Be2
{[%clk 00:40:40] [%emt 00:02:38]} 17... Nhf6 {[%clk 00:43:56] [%emt 00:02:26]}
18. Qxh6 {[%clk 00:31:53] [%emt 00:09:17]} 18... Rxh6 {[%clk 00:44:23] [%emt
00:00:03]} 19. dxc6 {[%clk 00:29:35] [%emt 00:02:48]} 19... bxc6 {[%clk
00:44:48] [%emt 00:00:06]} 20. Rhe1 {[%clk 00:28:45] [%emt 00:01:19]} 20... Ba6
{[%clk 00:36:31] [%emt 00:08:47]} 21. b3 {[%clk 00:27:42] [%emt 00:01:34]}
21... O-O-O {[%clk 00:36:41] [%emt 00:00:20]} 22. Nb2 {[%clk 00:24:33] [%emt
00:03:38]} 22... Kc7 {[%clk 00:35:33] [%emt 00:01:37]} 23. Nba4 {[%clk
00:22:25] [%emt 00:02:39]} 23... Bb7 {[%clk 00:33:18] [%emt 00:02:45]} 24. Bd3
{[%clk 00:18:43] [%emt 00:04:13]} 24... e4 {[%clk 00:31:05] [%emt 00:02:43]}
25. Bc2 {[%clk 00:17:40] [%emt 00:01:32]} 25... Rg8 {[%clk 00:29:40] [%emt
00:01:55]} 26. f3 {[%clk 00:17:05] [%emt 00:01:05]} 26... Rxg2 {[%clk 00:28:16]
[%emt 00:01:55]} 27. fxe4 {[%clk 00:17:03] [%emt 00:00:31]} 27... f4 {[%clk
00:28:00] [%emt 00:00:46]} 28. c5 {[%clk 00:13:24] [%emt 00:04:10]} 28... Nh5
{[%clk 00:26:50] [%emt 00:01:40]} 29. e5 {[%clk 00:09:20] [%emt 00:04:33]}
29... dxe5 {[%clk 00:26:21] [%emt 00:00:59]} 30. Bf5 {[%clk 00:09:21] [%emt
00:00:28]} 30... Nhf6 {[%clk 00:23:16] [%emt 00:03:36]} 31. Ne4 {[%clk
00:08:14] [%emt 00:01:36]} 31... Rg7 {[%clk 00:18:51] [%emt 00:04:55]} 32. Rd6
{[%clk 00:06:18] [%emt 00:02:26]} 32... Ng8 {[%clk 00:16:06] [%emt 00:03:16]}
33. Rxd7+ {[%clk 00:03:49] [%emt 00:02:59]} 33... Rxd7 {[%clk 00:16:33] [%emt
00:00:03]} 34. Bxd7 {[%clk 00:04:13] [%emt 00:00:06]} 34... Kxd7 {[%clk
00:17:01] [%emt 00:00:01]} 35. Nd6 {[%clk 00:04:12] [%emt 00:00:30]} 35... Rxd6
{[%clk 00:12:21] [%emt 00:05:11]} 36. cxd6 {[%clk 00:04:35] [%emt 00:00:07]}
36... Kxd6 {[%clk 00:12:46] [%emt 00:00:06]} 37. Rd1+ {[%clk 00:02:48] [%emt
00:02:16]} 37... Ke7 {[%clk 00:13:14] [%emt 00:00:02]} 38. Rg1 {[%clk 00:02:24]
[%emt 00:00:54]} 38... Nh6 {[%clk 00:13:33] [%emt 00:00:11]} 39. Rg7+ {[%clk
00:01:49] [%emt 00:01:06]} 39... Nf7 {[%clk 00:14:00] [%emt 00:00:03]} 40. Rg8
{[%clk 00:31:34] [%emt 00:00:45]} 40... Ba6 {[%clk 00:43:50] [%emt 00:00:40]}
41. Kd2 {[%clk 00:29:51] [%emt 00:02:13]} 41... Bf1 {[%clk 00:40:08] [%emt
00:04:12]} 42. Rg4 {[%clk 00:27:39] [%emt 00:02:41]} 42... Bxh3 {[%clk
00:40:31] [%emt 00:00:08]} 43. Rxh4 {[%clk 00:28:03] [%emt 00:00:06]} 43... Ng5
{[%clk 00:40:48] [%emt 00:00:12]} 44. Rh6 {[%clk 00:24:55] [%emt 00:03:39]}
44... e4 {[%clk 00:23:00] [%emt 00:18:18]} 45. Nc5 {[%clk 00:20:12] [%emt
00:05:12]} 45... e3+ {[%clk 00:18:04] [%emt 00:05:27]} 46. Ke2 {[%clk 00:19:14]
[%emt 00:01:27]} 46... Bg4+ {[%clk 00:17:59] [%emt 00:00:36]} 47. Kf1 {[%clk
00:16:13] [%emt 00:03:30]} 47... f3 {[%clk 00:16:49] [%emt 00:01:41]} 48. Nd3
{[%clk 00:14:34] [%emt 00:02:09]} 48... Bf5 {[%clk 00:15:38] [%emt 00:01:41]}
49. Ne5 {[%clk 00:13:08] [%emt 00:01:56]} 49... c5 {[%clk 00:13:55] [%emt
00:02:13]} 50. Nxf3 {[%clk 00:08:06] [%emt 00:05:33]} 50... Bd3+ {[%clk
00:13:40] [%emt 00:00:45]} 51. Kg2 {[%clk 00:08:21] [%emt 00:00:15]} 51... Be4
{[%clk 00:14:06] [%emt 00:00:04]} 52. Ra6 {[%clk 00:06:42] [%emt 00:02:09]}
52... Nxf3 {[%clk 00:14:04] [%emt 00:00:32]} 53. Ra7+ {[%clk 00:06:09] [%emt
00:01:03]} 53... Ke6 {[%clk 00:14:08] [%emt 00:00:22]} 54. Ra6+ {[%clk
00:06:31] [%emt 00:00:13]} 54... Kd5 {[%clk 00:14:14] [%emt 00:00:23]} 55. Rh6
{[%clk 00:05:04] [%emt 00:01:58]} 55... e2 {[%clk 00:14:25] [%emt 00:00:19]}
56. Rh1 {[%clk 00:05:17] [%emt 00:00:16]} 56... Nd4+ {[%clk 00:14:43] [%emt
00:00:20]} 0-1

[Event "New Zealand Championship 2023"]
[Site "Wellington"]
[Date "2023.01.02"]
[Round "1.4"]
[White "Croad, Nicolas"]
[Black "Mao, Daqi"]
[Result "1-0"]
[WhiteElo "2442"]
[BlackElo "2085"]

1. e4 {[%clk 01:30:57] [%emt 00:00:02]} 1... e6 {[%clk 01:30:57] [%emt
00:00:03]} 2. d4 {[%clk 01:31:20] [%emt 00:00:07]} 2... d5 {[%clk 01:31:24]
[%emt 00:00:04]} 3. Nc3 {[%clk 01:31:44] [%emt 00:00:06]} 3... Nf6 {[%clk
01:31:45] [%emt 00:00:09]} 4. Bg5 {[%clk 01:32:07] [%emt 00:00:06]} 4... Be7
{[%clk 01:32:09] [%emt 00:00:07]} 5. e5 {[%clk 01:32:31] [%emt 00:00:06]} 5...
Nfd7 {[%clk 01:32:36] [%emt 00:00:04]} 6. Bxe7 {[%clk 01:32:55] [%emt
00:00:06]} 6... Qxe7 {[%clk 01:32:59] [%emt 00:00:06]} 7. f4 {[%clk 01:33:17]
[%emt 00:00:08]} 7... O-O {[%clk 01:33:23] [%emt 00:00:06]} 8. Nf3 {[%clk
01:33:39] [%emt 00:00:07]} 8... a6 {[%clk 01:33:18] [%emt 00:00:36]} 9. Bd3
{[%clk 01:31:05] [%emt 00:03:04]} 9... h6 {[%clk 01:31:37] [%emt 00:02:11]} 10.
Ne2 {[%clk 01:27:37] [%emt 00:03:58]} 10... c5 {[%clk 01:27:50] [%emt
00:04:17]} 11. c3 {[%clk 01:28:00] [%emt 00:00:07]} 11... cxd4 {[%clk 01:26:23]
[%emt 00:01:57]} 12. cxd4 {[%clk 01:27:38] [%emt 00:00:53]} 12... Qb4+ {[%clk
01:24:01] [%emt 00:02:51]} 13. Kf2 {[%clk 01:19:42] [%emt 00:08:27]} 13... f5
{[%clk 01:19:50] [%emt 00:04:41]} 14. Qc2 {[%clk 01:17:43] [%emt 00:02:29]}
14... Nb6 {[%clk 01:15:06] [%emt 00:05:14]} 15. Rhg1 {[%clk 01:10:32] [%emt
00:07:41]} 15... Bd7 {[%clk 01:06:26] [%emt 00:09:11]} 16. g4 {[%clk 01:08:47]
[%emt 00:02:15]} 16... Rc8 {[%clk 01:03:03] [%emt 00:03:53]} 17. Qb1 {[%clk
01:06:31] [%emt 00:02:46]} 17... Nc4 {[%clk 00:52:11] [%emt 00:11:21]} 18. gxf5
{[%clk 01:05:22] [%emt 00:01:40]} 18... Qxb2 {[%clk 00:47:09] [%emt 00:05:32]}
19. Rxg7+ {[%clk 01:02:12] [%emt 00:03:40]} 19... Kxg7 {[%clk 00:46:48] [%emt
00:00:51]} 20. Qg1+ {[%clk 01:02:37] [%emt 00:00:04]} 20... Kf7 {[%clk
00:43:33] [%emt 00:03:45]} 21. Qg6+ {[%clk 01:02:58] [%emt 00:00:09]} 21... Ke7
{[%clk 00:43:28] [%emt 00:00:36]} 22. Qf6+ {[%clk 01:03:23] [%emt 00:00:05]}
22... Ke8 {[%clk 00:43:49] [%emt 00:00:08]} 23. Rg1 {[%clk 01:03:47] [%emt
00:00:06]} 1-0